Planned Capitals Quiz - Statistics

General Stats
  • This quiz has been taken 63 times
    38 since last reset
  • The average score is 19 of 28
Answer Stats
Country Capitals % Correct
Australia Canberra
100%
Egypt Cairo
96%
Pakistan Islamabad
96%
Netherlands Amsterdam
93%
Philippines Manila
93%
Australia Melbourne
93%
South Korea Seoul
93%
United States Washington D.C.
93%
Indonesia Jakarta
89%
Nigeria Lagos
89%
Nigeria Abuja
85%
Malaysia Kuala Lumpur
85%
Belize Belize City
81%
United States Philadelphia
81%
Belize Belmopan
78%
Myanmar Naypyidaw
78%
Myanmar Yangon
78%
Netherlands The Hague
70%
Ivory Coast Yamoussoukro
70%
Ivory Coast Abidjan
67%
Equatorial Guinea Malabo
67%
Philippines Quezon City
37%
South Korea Sejong
30%
Pakistan Rawalpindi
26%
Equatorial Guinea Ciudad de la Paz
22%
Egypt New Administrative Capital
22%
Indonesia Nusantara
22%
Malaysia Putrajaya
15%
No matching quizzes found
Score Distribution
Percent of People with Each Score
Percentile by Number Answered
Your Score History
You have not taken this quiz since the last reset